<?xml version="1.0" encoding="UTF-8"?>
<collection xmlns="http://www.loc.gov/MARC21/slim">
 <record>
  <leader>02551nam a2200241   4500</leader>
  <controlfield tag="001">1/23422</controlfield>
  <controlfield tag="008">020305s2001    gr       b      1   gre d</controlfield>
  <datafield tag="020" ind1=" " ind2=" ">
   <subfield code="a">9607121252</subfield>
  </datafield>
  <datafield tag="035" ind1=" " ind2=" ">
   <subfield code="l">25141</subfield>
  </datafield>
  <datafield tag="040" ind1=" " ind2=" ">
   <subfield code="a">GR-PeUP</subfield>
  </datafield>
  <datafield tag="082" ind1="0" ind2="0">
   <subfield code="a">378 ΣΥ</subfield>
  </datafield>
  <datafield tag="100" ind1="1" ind2=" ">
   <subfield code="a">Ηλιόπουλος, Γ.</subfield>
  </datafield>
  <datafield tag="245" ind1="1" ind2="0">
   <subfield code="a">8η Σύνοδος των δικτύων Enic-Naric, 2η Σύνοδος της διακυβερνητικής επιτροπής της σύμβασης για την αναγνώριση των προσόντων ανώτερης εκπαίδευσης της περιοχής της Ευρώπης, συμπεράσματα-προτάσεις. Επανεκπαίδευση ανέργων λόγω διαρθρωτικής ανεργίας για να καλύψουν θέσεις απασχόλησης που προσφέρονται στην αγορά εργασίας. Ελληνική πολιτισμική διπλωματία και νεοελληνικές σπουδές στο εξωτερικό. Προσδιοριστικοί παράγοντες των δραστηριοτήτων του Τ.Ε.Ι. Πάτρας για τη μεγιστοποίηση της απορρόφησης των πτυχιούχων του στην αγορά εργασίας. Το σύστημα μάνατζμεντ με αντικειμενικούς σκοπούς στην πράξη - η συμβολή του στον έλεγχο, μέτρηση και αξιολόγηση της απόδοσης των εργαζομένων /</subfield>
   <subfield code="c">Γ. Ηλιόπουλος ... [κ.ά.]</subfield>
  </datafield>
  <datafield tag="260" ind1=" " ind2=" ">
   <subfield code="a">Αθήνα :</subfield>
   <subfield code="b">ΙΤΕ,</subfield>
   <subfield code="c">2001</subfield>
  </datafield>
  <datafield tag="300" ind1=" " ind2=" ">
   <subfield code="a">92 σ. :</subfield>
   <subfield code="b">πίν. ;</subfield>
   <subfield code="c">24 εκ.</subfield>
  </datafield>
  <datafield tag="490" ind1="1" ind2=" ">
   <subfield code="a">Ειδικά Θέματα (Ινστιτούτο Τεχνολογικής Εκπαίδευσης) ;</subfield>
  </datafield>
  <datafield tag="504" ind1=" " ind2=" ">
   <subfield code="a">Περιέχει βιβλιογραφία</subfield>
  </datafield>
  <datafield tag="650" ind1=" " ind2="4">
   <subfield code="a">Τεχνική εκπαίδευση</subfield>
   <subfield code="z">Ελλάδα.</subfield>
  </datafield>
  <datafield tag="650" ind1=" " ind2="4">
   <subfield code="a">Εκπαίδευση, Ανώτερη.</subfield>
  </datafield>
  <datafield tag="710" ind1="2" ind2=" ">
   <subfield code="a">Ελλάδα. Υπουργείο Εθνικής Παιδείας και Θρησκευμάτων. Ινστιτούτο Τεχνολογικής Εκπαίδευσης.</subfield>
  </datafield>
  <datafield tag="830" ind1=" " ind2="0">
   <subfield code="a">Ειδικά Θέματα (Ινστιτούτο Τεχνολογικής Εκπαίδευσης)</subfield>
   <subfield code="v">2γ.</subfield>
  </datafield>
  <datafield tag="852" ind1=" " ind2=" ">
   <subfield code="a">INST</subfield>
   <subfield code="b">UNIPILB</subfield>
   <subfield code="c">MAIN</subfield>
   <subfield code="e">20040721</subfield>
   <subfield code="h">378 ΣΥ</subfield>
   <subfield code="p">00138527</subfield>
   <subfield code="q">00138527</subfield>
   <subfield code="t">LOAN</subfield>
   <subfield code="y">0</subfield>
   <subfield code="4">1</subfield>
  </datafield>
  <datafield tag="852" ind1=" " ind2=" ">
   <subfield code="a">INST</subfield>
   <subfield code="b">UNIPILB</subfield>
   <subfield code="c">MAIN</subfield>
   <subfield code="e">20040721</subfield>
   <subfield code="h">378 ΣΥ</subfield>
   <subfield code="p">00138528</subfield>
   <subfield code="q">00138528</subfield>
   <subfield code="t">LOAN</subfield>
   <subfield code="y">0</subfield>
   <subfield code="4">1</subfield>
  </datafield>
 </record>
</collection>
